Histoire des plus célèbres amateurs étrangers, espagnols, anglais, flamands, hollandais et allemands, et de leurs relations avec les artistes. (Record no. 53206)

MARC details
000 -LEADER
campo de control de longitud fija 00548nam a2200157 i 4500
001 - NÚMERO DE CONTROL
campo de control 53206
003 - IDENTIFICADOR DE NÚMERO DE CONTROL
campo de control ES-MaACL
005 - FECHA Y HORA DE LA ÚLTIMA TRANSACCIÓN
campo de control 20230906162726.0
007 - CAMPO FIJO DE DESCRIPCIÓN FÍSICA--INFORMACIÓN GENERAL
campo de control de longitud fija t|
008 - DATOS DE LONGITUD FIJA--INFORMACIÓN GENERAL
campo de control de longitud fija 031014s1809 fr ||||1| fre d
100 1# - ENTRADA PRINCIPAL--NOMBRE DE PERSONA
Nombre de persona Dumesnil, Jules.
9 (RLIN) 45997
245 10 - MENCIÓN DEL TÍTULO
Título Histoire des plus célèbres amateurs étrangers, espagnols, anglais, flamands, hollandais et allemands, et de leurs relations avec les artistes.
Número de parte o sección de la obra , . Tome V /
Mención de responsabilidad, etc. par M. J. Dumesnil.
260 ## - PUBLICACIÓN, DISTRIBUCIÓN, ETC.
Lugar de publicación, distribución, etc. Paris :
Nombre del editor, distribuidor, etc. Vve J. Renouard,
Fecha de publicación, distribución, etc. 1860.
300 ## - DESCRIPCIÓN FÍSICA
Extensión 511 p. ;
Dimensiones 23 cm.
852 ## - LOCALIZACIÓN
Ubicación ES-MaACL
Número de control de estantería G-7983
Holdings
Estatus retirado Estado de pérdida Estado de daño No para préstamo Colección Biblioteca de origen Biblioteca actual Ubicación en estantería Fecha de adquisición Fuente de adquisición Total de préstamos Signatura topográfica completa Código de barras Visto por última vez Precio de reemplazo Tipo de ítem Koha
        Libros del s. XIX Biblioteca del Ateneo de Madrid Biblioteca del Ateneo de Madrid Sala Pecera Planta 3 17/01/2008     G-7983 1055903 23/02/2023 23/02/2023 Libro impreso antiguo